LDR 00965naa#a2200169#i#450# 001 RU\\bibl\117408 005 20260413164147.1 011 ## _a2312-7937 100 ## _a20260401b2026####ek#y0rusy0150####ca 102 ## _aRU 200 1# _aПредставители органов и войск НКВД – организаторы и руководители партизанского движения в годы Великой Отечественной войны _eЖурнальная статья 210 1# _aДомодедово _cВсероссийский институт повышения квалификации сотрудников Министерства внутренних дел Российской Федерации _d2026 215 ## _a11 с. 608 ## _aЖурнальная статья _2local 675 ## _aПраво. Юридические науки. 34 _z 700 #1 _aНевский _gСергей Александрович 856 4# _avipkmvd.editorum.ru _u